| 000 -LEADER |
| fixed length control field |
01808nam a22002057a 4500 |
| 003 - CONTROL NUMBER IDENTIFIER |
| control field |
OSt |
| 005 - DATE AND TIME OF LATEST TRANSACTION |
| control field |
20240925133303.0 |
| 008 - FIXED-LENGTH DATA ELEMENTS--GENERAL INFORMATION |
| fixed length control field |
240925b ||||| |||| 00| 0 eng d |
| 020 ## - INTERNATIONAL STANDARD BOOK NUMBER |
| International Standard Book Number |
9787519020927 |
| 040 ## - CATALOGING SOURCE |
| Transcribing agency |
KH8 |
| 082 ## - DEWEY DECIMAL CLASSIFICATION NUMBER |
| Classification number |
400 ZHU |
| 100 ## - MAIN ENTRY--PERSONAL NAME |
| Personal name |
Longxugou, Chaguan, |
| Relator term |
author. |
| 245 ## - TITLE STATEMENT |
| Title |
Teahouse Longxigou / |
| Statement of responsibility, etc. |
Chaguan Longugou. |
| 260 ## - PUBLICATION, DISTRIBUTION, ETC. |
| Place of publication, distribution, etc. |
Beijing ; |
| Name of publisher, distributor, etc. |
China Federation of Literary and Art Circles Press , |
| Date of publication, distribution, etc. |
2017. |
| 300 ## - PHYSICAL DESCRIPTION |
| Extent |
145 pages : |
| Dimensions |
21 cm. |
| 440 ## - SERIES STATEMENT/ADDED ENTRY--TITLE |
| Title |
Han mo wen ku |
| 520 ## - SUMMARY, ETC. |
| Summary, etc. |
Taking the rise and fall of a large teahouse in old Beijing as the background, it shows people the social landscape of Beijing and the different fates of people from all walks of life in three eras: after the failure of the Reform Movement of 1898 in the late Qing Dynasty, during the period of the Beiyang warlord separatism in the early years of the Republic of China, and on the eve of the fall of the Kuomintang regime. Wang Lifa, the owner of Yutai Teahouse, wanted to make his family business prosperous and socialized with all parties for this purpose, but was eventually crushed by the ruthless social reality; Qin Zhongyi, a national capitalist who often frequented the teahouse, went from being ambitious to save the country through industry to going bankrupt; the bold Eight Banners disciple Chang After the fall of the Qing Dynasty, the fourth master embarked on the path of self-reliance. The story also reveals the living conditions of some small characters such as Liu Mazi. "Teahouse Longxugou" mainly tells the story of Cheng Baotai, an upright old artist who used to make a living as a performer. After being severely beaten by the bully Black Whirlwind, he fled to live in Longxugou and relied on Mrs. Cheng to sell cigarettes at a stall. |
| 650 ## - SUBJECT ADDED ENTRY--TOPICAL TERM |
| Topical term or geographic name entry element |
Mandarin novel |
| 942 ## - ADDED ENTRY ELEMENTS (KOHA) |
| Source of classification or shelving scheme |
|
| Koha item type |
Teaching Resources |